| 000 | 00620nam a2200193 a 4500 | ||
|---|---|---|---|
| 005 | 20230524063853.0 | ||
| 008 | 011031s1993 mx r 000 0 spa d | ||
| 020 | _a9682953332 | ||
| 035 | _aUPN01000113675 | ||
| 049 | _aLTG | ||
| 050 | 4 |
_aLB1645 M6 _bP7.4 LR |
|
| 245 | 0 | 0 |
_aPrimaria : _bmaterial recortable : matemáticas / _cIrma Fuenlabrada ... [et al.]. |
| 260 |
_aMéxico : _bSEP, _c1993. |
||
| 300 | _a35 p. | ||
| 440 | 0 | _aPrograma de actualización del maestro | |
| 650 | 4 |
_aMatemáticas _xEstudio y enseñanza (Elemental) _92809 |
|
| 700 | 1 |
_aFuenlabrada Velázquez, Irma Rosa, _ecoaut. _937094 |
|
| 905 | _aLibro | ||
| 999 |
_c87583 _d87583 |
||